| 000 | 00912nam a2200325 a 4500 | ||
|---|---|---|---|
| 003 | AR-BaBNM | ||
| 005 | 20251128210536.0 | ||
| 008 | 082120s2002 ||||||||||||||000 | spa|| | ||
| 020 | _a84-86587-58-1 | ||
| 040 | _cAR-BaBNM | ||
| 100 | 1 | _aLipman, Matthew | |
| 245 | 0 | 0 | _aPixie |
| 250 | _a1ª ed. | ||
| 260 |
_aMadrid _bEdiciones de la Torre _c1989 |
||
| 300 | _a107 p. | ||
| 490 | 0 | _aProyecto didáctico Quirón. Programa filosofía para niños | |
| 650 | 4 | _aENSEÑANZA DE LA FILOSOFIA | |
| 650 | 4 | _aETICA | |
| 650 | 4 | _aCONOCIMIENTO | |
| 650 | 4 | _aPROCESO DEL PENSAMIENTO | |
| 650 | 4 | _aPENSAMIENTO LOGICO | |
| 650 | 4 | _aPENSAMIENTO CRITICO | |
| 650 | 4 | _aPROCESO COGNOSCITIVO | |
| 653 | _aFILOSOFIA PARA NIÑOS | ||
| 653 | _aEDUCACION GENERAL BASICA | ||
| 700 | 1 |
_aGarcía Moriyón, Félix _etraductor |
|
| 800 | 1 |
_aGarcía Moriyón, Félix _ecoordinador |
|
| 942 | _cBK | ||
| 998 | _cRAQUEL | ||
| 999 |
_c15875 _d15875 |
||